000 00627nam a2200241 i 4500
001 C2-0284110
003 PPAK
005 20180728014029.0
008 071127s2006 nyu |||| ||||| | eng d
020 _a9780345461414
040 _aPPAK
_beng
_cPPAK
_erda
082 0 4 _a823
_223
090 0 0 _a823
_bSHA
_dRLCK
100 1 _aShaara, Jeff,
_eauthor
245 1 4 _aThe rising tide
264 1 _aNew York :
_bBallantine Books ,
_c2006
300 _axiii, 536 pages ;
_c24 cm
336 _2rdacontent
_atext
337 _2rdamedia
_aunmediated
338 _2rdacarrier
_avolume
650 1 0 _aEnglish fiction.
942 _ddc
_cB
999 _c90099
_d90099